All IWGP United States Heavyweight Champions updated - Statistics

General Stats
  • This quiz has been taken 107 times
    65 since last reset
  • The average score is 14 of 18
Answer Stats
Hint Answer % Correct
06/12/2022 1 Will Ospreay
100%
06/25/2023 2 Will Ospreay
100%
07/02/2017 1 Kenny Omega
97%
01/04/2023 2 Kenny Omega
97%
01/28/2018 1 Jay White
88%
01/04/2020 2 Jon Moxley
82%
06/05/2019 1 Jon Moxley
82%
01/04/2019 2 Juice Robinson
82%
05/14/2022 3 Juice Robinson
82%
07/07/2018 1 Juice Robinson
82%
08/14/2021 1 Hiroshi Tanahashi
79%
01/05/2022 2 Hiroshi Tanahashi
79%
05/01/2022 3 Hiroshi Tanahashi
79%
07/21/2021 2 Lance Archer
68%
10/14/2019 1 Lance Archer
68%
09/30/2018 1 Cody
59%
11/06/2021 1 Kenta
47%
02/19/2022 1 Sanada
47%
No matching quizzes found
Score Distribution
Percent of People with Each Score
Percentile by Number Answered
Your Score History
You have not taken this quiz since the last reset